000 00934nas a2200313 4500
001 BR0203452
003 BR-BrBNA
005 20231205103108.0
007 ta
008 230509b bl.|||p| |||| 00| 00por d
040 _aBR-BrBNA
_bpor
_cBiblioteca Nacional de Agricultura
041 _a(Pt)
072 _aL70
100 1 _aSilva, L.A.F. da
100 1 _aChaves, S.M.
100 1 _aFioravanti, M.C.S.
100 1 _aEurides, D.
100 1 _aRabelo, R.E.
245 1 _aComplicações decorrentes da utilização da acepromazina associada à xilazina na preparação cirúrgica de rufiões bovinos
650 _aTOURO
650 _aPÊNIS
650 _aMALFORMAÇÃO
650 _aCIRURGIA
650 _aANESTESIA
650 _aVETERINÁRIA
773 0 _tCiência Rural (Brazil)
_xISSN 0103-8478
_g(May-Jun 2002), v. 32(3) p. 439-444
_wBR0203452
909 _a202311
_bLúcia
_c55
_dLúcia Elande
942 _2AGRIS
_n0
_cANA
999 _c171047
_d171047